Spontánna povaha transformácie štátneho vlastníctva a problém voľby privatizačnej politiky
Všeobecná charakteristika procesu. Privatizácia a privatizačná politika. Voľba metód privatizácie a možnosti hospodárskej politiky. Limity alternatívnej voľby: privatizácia rozdelením, privatizácia predajom.
Guardado en:
| Autor principal: | |
|---|---|
| Formato: | Capítulo de libro |
| Lenguaje: | eslovaco |
| Materias: | |
| Etiquetas: |
Sin Etiquetas, Sea el primero en etiquetar este registro!
|
MARC
| LEADER | 00000naa a2200000 4500 | ||
|---|---|---|---|
| 001 | r017141 | ||
| 005 | 20221205101621.5 | ||
| 041 | 0 | |a slo | |
| 044 | |a SK | ||
| 245 | 1 | 0 | |a Spontánna povaha transformácie štátneho vlastníctva a problém voľby privatizačnej politiky |c J. Němec |
| 520 | |a Všeobecná charakteristika procesu. Privatizácia a privatizačná politika. Voľba metód privatizácie a možnosti hospodárskej politiky. Limity alternatívnej voľby: privatizácia rozdelením, privatizácia predajom. | ||
| 610 | 2 | 0 | |a transformácia |
| 610 | 2 | 0 | |a vlastníctvo štátne |
| 610 | 2 | 0 | |a privatizácia |
| 610 | 2 | 0 | |a politika hospodárska |
| 100 | 1 | |a Němec, J. | |